Statistics for Countries Ending In "-ia"

Click here to take the quiz!

General Stats

  • This quiz has been taken 85 times
    (72 since last reset)
  • The average score is 29 of 40

Answer Stats

Country% Correct
Australia
90%
Albania
88%
Austria
85%
Algeria
83%
Bulgaria
83%
Indonesia
83%
Lithuania
83%
Zambia
83%
Armenia
81%
Estonia
81%
Slovenia
81%
Colombia
79%
Latvia
79%
Russia
79%
Serbia
79%
Tanzania
79%
Croatia
77%
India
77%
Malaysia
77%
Romania
77%
Slovakia
77%
Gambia
75%
Namibia
75%
Somalia
75%
Bosnia and Herzegovina
73%
Ethiopia
71%
Liberia
71%
Mauritania
69%
Syria
69%
Tunisia
67%
Saudi Arabia
65%
Bolivia
63%
Cambodia
63%
Nigeria
63%
North Macedonia
62%
Mongolia
60%
Georgia
58%
Micronesia
50%
Czechia
40%
Saint Lucia
38%

Score Distribution

Percentile by Number Answered

Percent of People with Each Score

Your Score History

You have not taken this quiz since the last reset